| 000 | 00614nam a2200229Ia 4500 | ||
|---|---|---|---|
| 005 | 20230327104342.0 | ||
| 008 | 230125s9999 xx 000 0 und d | ||
| 020 | _a9789352137718 | ||
| 041 | _aeng | ||
| 082 |
_a004.1 _bHIL |
||
| 100 |
_aHilpisch Y _9118250 |
||
| 245 |
_aPython For Finance _bMastering Data - Driven Finance |
||
| 250 | _a2nd Ed. | ||
| 260 |
_c2019 _bShroff publisher and distributors _aMumbai |
||
| 300 | _a691p | ||
| 500 | _aBusiness Analytics;Python | ||
| 650 |
_aBusiness Analytics;Python _9180844 |
||
| 700 |
_aHilpisch Y _9118250 |
||
| 906 | _b490 | ||
| 942 | _cBK | ||
| 999 |
_c96258 _d96258 |
||